| 000 | 00617cam a22002291 4500 | ||
|---|---|---|---|
| 001 | sa 66004295 | ||
| 003 | DLC | ||
| 005 | 20260227112241.0 | ||
| 008 | 890615s1964 ii ch b 000 0 beno | ||
| 010 | _asa 66004295 | ||
| 035 | _a(OCoLC)19878430 | ||
| 040 |
_aDLC _cWaU _dDLC |
||
| 042 | _apremarc | ||
| 050 | 0 | 0 |
_aPK1718.I93 _bZ58 |
| 100 | 1 |
_aBasu, Sanjib Kumar, _d1931- |
|
| 245 | 1 | 0 | _aĪśvara Gupta o Bāṃlā sāhitya. |
| 260 | _c[1964] | ||
| 300 |
_a13, 136 p. _bfacsims., port. _c23 cm. |
||
| 500 | _aIn Bengali. | ||
| 504 | _aBibliographical footnotes. | ||
| 600 | 0 | 0 |
_aĪśvaracandra Gupta, _d1812-1859. |
| 999 |
_c69329 _d69329 |
||